Cold regions pavement engineering / (Record no. 329531)
[ view plain ]
| 000 -LEADER | |
|---|---|
| fixed length control field | 01355cam a2200313 a 4500 |
| 001 - CONTROL NUMBER | |
| control field | 15426662 |
| 003 - CONTROL NUMBER IDENTIFIER | |
| control field | NUST |
| 005 - DATE AND TIME OF LATEST TRANSACTION | |
| control field | 20170512124903.0 |
| 008 - FIXED-LENGTH DATA ELEMENTS--GENERAL INFORMATION | |
| fixed length control field | 080825s2009 vauab b 001 0 eng |
| 010 ## - LIBRARY OF CONGRESS CONTROL NUMBER | |
| LC control number | 2008037476 |
| 020 ## - INTERNATIONAL STANDARD BOOK NUMBER | |
| International Standard Book Number | 9780071600880 (alk. paper) |
| 020 ## - INTERNATIONAL STANDARD BOOK NUMBER | |
| International Standard Book Number | 0071600884 (alk. paper) |
| 035 ## - SYSTEM CONTROL NUMBER | |
| System control number | (OCoLC)ocn192082898 |
| 035 ## - SYSTEM CONTROL NUMBER | |
| System control number | (OCoLC)192082898 |
| 040 ## - CATALOGING SOURCE | |
| Original cataloging agency | DLC |
| Transcribing agency | DLC |
| Modifying agency | BTCTA |
| -- | BAKER |
| -- | YDXCP |
| -- | C#P |
| -- | BWX |
| -- | CDX |
| -- | DLC |
| 043 ## - GEOGRAPHIC AREA CODE | |
| Geographic area code | q------ |
| 050 00 - LIBRARY OF CONGRESS CALL NUMBER | |
| Classification number | TE251 |
| Item number | .D67 2009 |
| 082 00 - DEWEY DECIMAL CLASSIFICATION NUMBER | |
| Classification number | 625.80911 DOR |
| Edition number | 22 |
| 100 1# - MAIN ENTRY--PERSONAL NAME | |
| Personal name | Doré, Guy. |
| 9 (RLIN) | 626 |
| 245 10 - TITLE STATEMENT | |
| Title | Cold regions pavement engineering / |
| Statement of responsibility, etc. | Guy Doré, Hannele K. Zubeck. |
| 260 ## - PUBLICATION, DISTRIBUTION, ETC. | |
| Place of publication, distribution, etc. | Reston, VA : |
| Name of publisher, distributor, etc. | ASCE Press ; |
| Place of publication, distribution, etc. | New York : |
| Name of publisher, distributor, etc. | McGraw-Hill, |
| Date of publication, distribution, etc. | c2009. |
| 300 ## - PHYSICAL DESCRIPTION | |
| Extent | xvi, 416 p. : |
| Other physical details | ill., maps ; |
| Dimensions | 25 cm. |
| 504 ## - BIBLIOGRAPHY, ETC. NOTE | |
| Bibliography, etc. note | Includes bibliographical references and index. |
| 650 #0 - SUBJECT ADDED ENTRY--TOPICAL TERM | |
| Topical term or geographic name entry element | Pavements |
| Geographic subdivision | Cold regions |
| General subdivision | Design and construction. |
| 9 (RLIN) | 627 |
| 650 #0 - SUBJECT ADDED ENTRY--TOPICAL TERM | |
| Topical term or geographic name entry element | Pavements |
| Geographic subdivision | Cold regions |
| General subdivision | Maintenance and repair. |
| 9 (RLIN) | 628 |
| 700 1# - ADDED ENTRY--PERSONAL NAME | |
| Personal name | Zubeck, Hannele K. |
| 9 (RLIN) | 629 |
| 856 41 - ELECTRONIC LOCATION AND ACCESS | |
| Materials specified | Table of contents only |
| Uniform Resource Identifier | <a href="http://www.loc.gov/catdir/toc/fy0903/2008037476.html">http://www.loc.gov/catdir/toc/fy0903/2008037476.html</a> |
| 906 ## - LOCAL DATA ELEMENT F, LDF (RLIN) | |
| a | 7 |
| b | cbc |
| c | orignew |
| d | 1 |
| e | ecip |
| f | 20 |
| g | y-gencatlg |
| 942 ## - ADDED ENTRY ELEMENTS (KOHA) | |
| Source of classification or shelving scheme | |
| Koha item type | Book |
| Withdrawn status | Lost status | Source of classification or shelving scheme | Damaged status | Not for loan | Permanent Location | Current Location | Date acquired | Total Checkouts | Full call number | Barcode | Date last seen | Price effective from | Koha item type |
|---|---|---|---|---|---|---|---|---|---|---|---|---|---|
| School of Civil and Environmental Engineering (SCEE) | School of Civil and Environmental Engineering (SCEE) | 05/12/2017 | 625.80911 DOR | NIT-7508 | 05/12/2017 | 05/12/2017 | Book | ||||||
| School of Civil and Environmental Engineering (SCEE) | School of Civil and Environmental Engineering (SCEE) | 05/12/2017 | 625.80911 DOR | NIT-11857 | 05/12/2017 | 05/12/2017 | Book |
